000 00714cam a2200241 4500
001 ABS61605
008 000000n1999 000 0 eng u
035 _a(Sirsi) u101834
100 _aConnal, C.
245 _aHooray for Holyrood?
260 _c1999
490 _aEstates Gazette
_v(9944) 6 November 1999, 134-135(2)
520 _aAssesses the impact of the Scottish Parliament on property legislation, including land reform, planning law and repossessions.
590 _aABS
650 _aSCOTTISH PARLIAMENT
650 _aSCOTLAND
650 _aPROPERTY LAW
650 _aLAND REFORM
650 _aPLANNING LAW
650 _aREPOSSESSIONS
690 _aPROPERTY LAW AND PRACTICE
942 _n0
999 _c60944
_d60944